| 000 | 01017nam a22002657a 4500 | ||
|---|---|---|---|
| 999 |
_c5657 _d5657 |
||
| 003 | OSt | ||
| 005 | 20251013122154.0 | ||
| 008 | 251013b ||||| |||| 00| 0 eng d | ||
| 020 |
_a9781474915083 _qbook set |
||
| 040 | _cKH8 | ||
| 082 | _aFIC EVE | ||
| 100 |
_aEverett, Felicity, _eauthor. |
||
| 245 |
_aThe Burglar's Breakfast / _cFelicity Everett ; adapted by Lesley Sims ; illustrated by Christyan Fox. |
||
| 260 |
_aEngland ; _bUsborne Publishing Ltd , _c2007. |
||
| 300 |
_a48 pages : _bcolour illustrations ; _c20 cm. |
||
| 490 |
_aUsborne Young Reading _vseries one |
||
| 520 | _aAlfie Briggs is a burglar. After a hard night's thieving, he likes to go home to a tasty meal. But one day Alfie returns to find his cupboards bare. Someone has burgled his breakfast! | ||
| 650 |
_aEasy reading _vfiction |
||
| 650 |
_aStory book _vfiction |
||
| 650 | _aYoung readers | ||
| 700 |
_aSims, Lesley, _eadaptor. |
||
| 700 |
_aFox, Christyan, _eillustrator. |
||
| 830 | _aUsborne Young Reading | ||
| 942 |
_2ddc _cFIC |
||